| 000 | 00664nam a22002177a 4500 | ||
|---|---|---|---|
| 003 | UA-OsUOA | ||
| 001 | 88093 | ||
| 007 | ta | ||
| 008 | 20121001b un ||||| |||| 00| 0 ukr d | ||
| 090 |
_a82.09 _bР 88 |
||
| 942 | _cBK | ||
| 040 |
_aUA-OsUOA _brus _cUA-OsUOA _dUA-OsUOA |
||
| 245 |
_aРусское народное поэтическое творчество _cПособие для вузов/ Ред.П.Г. Богатырева |
||
| 300 | _a535 с. | ||
| 955 | _a1 | ||
| 041 | _arus | ||
| 080 | _a82.09 | ||
| 260 |
_aМ. _bПросвещения _c1954 |
||
| 650 | 7 |
_a82 Література. Літературознавство _2UDC |
|
| 999 |
_c374355 _d374355 |
||